00388nam a2200109Ia 4500008004100000082000800041100002100049245009000070942000600160952009700166999001500263240331s9999 xx 000 0 und d bTHI aThiruchandran, S 0aVarlviyal samatharma kodpaadukaludan muranpaddu nitkum meddu nilai panpaaddu kolankal cL 001040708LaWERCLbWERCLcSSCd2024-03-31l0o 305.4 THIp1819r2024-03-31w2024-03-31yL c1713d1713